| 000 | 00567nam a2200181 i 4500 | ||
|---|---|---|---|
| 001 | 149504 | ||
| 003 | ES-MaACL | ||
| 005 | 20230906203130.0 | ||
| 007 | t| | ||
| 008 | 071023s1911 sp ||||1| spa d | ||
| 100 | 1 |
_aVarela Menéndez, Santiago. _9113164 |
|
| 245 | 1 | 3 |
_aLa embriaguez en el derecho penal / _cSantiago Varela Menéndez. |
| 260 |
_aMadrid : _b[s.n.], _c1911 ( _fEst. Tip. de Juan Pérez) |
||
| 300 |
_a31 p. ; _c21 cm. |
||
| 500 | _aTesis del doctorado. | ||
| 650 | 4 |
_aEmbriaguez (Derecho penal)- _zEspaña. _9164343 |
|
| 852 |
_aES-MaACL _jT-1222-F-5 |
||
| 999 |
_c149504 _d149504 |
||